[Event "50th World Juniors"]
[Site "Chennai IND"]
[Date "2011.08.14"]
[Round "12.54"]
[White "Yohan,J"]
[Black "Debashish,Du"]
[Result "1-0"]
[WhiteElo "2017"]
[BlackElo "2127"]

1.d4 Nf6 2.Bg5 Ne4 3.h4 Nxg5 4.hxg5 g6 5.e3 Bg7 6.Nd2 d5 7.f4 c5 8.c3 cxd4
9.exd4 Qd6 10.Qf3 Nc6 11.Bd3 Bd7 12.Ne2 e6 13.g4 O-O-O 14.O-O-O Kb8 15.Rh4 h6
16.gxh6 Bxh6 17.Rdh1 Bg7 18.Rh7 Rxh7 19.Rxh7 Qf8 20.Qg3 Ka8 21.Nf3 Rc8 22.Kb1 Be8
23.Neg1 Bf6 24.g5 Bd8 25.Nh3 Na5 26.Ne5 b5 27.Qg2 Bc7 28.Qd2 Nc4 29.Bxc4 bxc4
30.Nf2 Rb8 31.Nfg4 Bd6 32.Ka1 a5 33.Nf6 Bxe5 34.fxe5 a4 35.a3 Qe7 36.Rh8 Bc6
37.Qh2 Rxh8 38.Qxh8+ Kb7 39.Qg7 Be8 40.Kb1 Bc6 41.Qg8 Ka6 42.Qb8 Qb7 43.Qd6 Ka7
44.Kc1 Kb6 45.Ne8 Qd7 46.Qb8+ Qb7 47.Qd8+ Ka6 48.Nd6 Qa8 49.Qc7 Be8 50.Qe7 Bc6
51.Qxf7 Qh8 52.Qxg6 Qh1+ 53.Kc2 Qg1 54.Qh5 Qe3 55.Kb1 Qg1+ 56.Ka2 Kb6 57.g6 Qg2
58.Qh8 Qxg6 59.Qb8+ Ka6 60.Nc8 Bb7 61.Qa7+  1-0

[Event "Botvinnik 100th Open"]
[Site "St Petersburg RUS"]
[Date "2011.08.14"]
[Round "3"]
[White "Sichinava,Z"]
[Black "Smikovski,I"]
[Result "1-0"]
[WhiteElo "2364"]
[BlackElo "2541"]

1.d4 Nf6 2.Bg5 Ne4 3.Bh4 c5 4.f3 g5 5.fxe4 gxh4 6.e3 Bh6 7.Kf2 cxd4 8.exd4 e5
9.Nc3 Nc6 10.Qh5 exd4 11.Qxh6 dxc3 12.bxc3 Qa5 13.Qe3 Ne5 14.Be2 d6 15.Rd1 Bg4
16.Rd5 Qxa2 17.Rxe5+ dxe5 18.Bxg4 Qb1 19.Qg5 Qb6+ 20.Kf3 Qc5 21.Ne2 Rd8 22.Rb1 b6
23.c4 Qa3+ 24.Rb3 Qe7 25.Qg7 Rf8 26.Rb5  1-0

[Event "e2e4 Int Masters D"]
[Site "Sunningdale ENG"]
[Date "2011.08.14"]
[Round "8"]
[White "Lock,G"]
[Black "White,Mi"]
[Result "1-0"]
[WhiteElo "2194"]
[BlackElo "2241"]

1.d4 Nf6 2.Bg5 Ne4 3.Bf4 c5 4.f3 Qa5+ 5.c3 Nf6 6.d5 Qb6 7.Bc1 e6 8.e4 exd5
9.exd5 Bd6 10.Na3 O-O 11.Bd3 Re8+ 12.Ne2 Bf8 13.Nc4 Qd8 14.Ne3 d6 15.O-O Nbd7
16.c4 Ne5 17.Bc2 Bd7 18.a4 a6 19.a5 b5 20.axb6 Qxb6 21.h3 Re7 22.f4 Ng6 23.Nc3 Rb8
24.g4 Nh8 25.g5 Ne8 26.Qd3 g6 27.f5 gxf5 28.Nxf5 Bxf5 29.Qxf5 Ng6 30.h4 Bg7
31.h5 Bd4+ 32.Kh1 Ng7 33.Qh3 Ne5 34.Ne4 Nxc4 35.Nf6+ Kf8 36.h6 Ne8 37.Nxh7+ Kg8
38.Nf6+ Bxf6 39.gxf6 Re5 40.Qg4+ Kh8 41.Rg1  1-0

[Event "1st Radzikowskiej Mem"]
[Site "Warsaw POL"]
[Date "2011.08.14"]
[Round "11"]
[White "Rajlich,I"]
[Black "Gluszko,M"]
[Result "1-0"]
[WhiteElo "2436"]
[BlackElo "2103"]

1.d4 Nf6 2.Bg5 Ne4 3.Bf4 d5 4.c3 g6 5.Nd2 Bg7 6.Ngf3 c5 7.e3 cxd4 8.exd4 Qb6
9.Qb3 Qe6 10.Bb5+ Nd7 11.O-O Nxd2 12.Bxd2 O-O 13.Rfe1 Qd6 14.Bg5 Nf6 15.Bd3 e6
16.a4 b6 17.Qa3 Qc7 18.Bh4 a6 19.Bg3 Qb7 20.Nd2 Bd7 21.a5 bxa5 22.Nb3 Bb5
23.Nc5 Qc6 24.Qxa5 Nd7 25.Nxd7 Qxd7 26.Bxb5 Qxb5 27.Ra2 Rfc8 28.Rea1 Qxa5
29.Rxa5 Rc6 30.Bf4 Bf6 31.Kf1 Bd8 32.Rc5 Rb6 33.b4 Kf8 34.Bc7 Bxc7 35.Rxc7 Ke8
36.Ke2 Kf8 37.Kd3 Ke8 38.Ra5 Kf8 39.g4 Ke8 40.f4 Kf8 41.g5 Kg8 42.h4 Kf8
43.Kc2 Kg8 44.Rac5 h6 45.gxh6 Kh7 46.Rxf7+ Kxh6 47.Kd3 Kh5 48.Rf6 Rd6 49.Ke3 Rh8
50.Kf3 Rh7 51.Kg3 Rh8 52.Rc7 Rb6 53.Rf8 Rh6 54.Rd8 a5 55.Rc5 Rh7 56.Rxa5  1-0

[Event "Stare Mesto FIDE Open"]
[Site "Stare Mesto CZE"]
[Date "2011.08.16"]
[Round "6"]
[White "Kireev,Al"]
[Black "Cerveny,M"]
[Result "1/2-1/2"]
[WhiteElo "2360"]
[BlackElo "2347"]

1.d4 Nf6 2.Bg5 Ne4 3.Be3 d5 4.Nd2 Bf5 5.c3 c6 6.Ngf3 h6 7.Qb3 b6 8.Nxe4 Bxe4
9.Nd2 Bh7 10.g3 Nd7 11.Bg2 e6 12.O-O Bd6 13.c4 O-O 14.Qa4 b5 15.cxb5 cxb5
16.Qxb5 Rb8 17.Qa4 Rxb2 18.Rfc1 Nf6 19.Bf3 Qb8 20.Rc6 h5 21.Nb3 h4 22.Rxd6 Qxd6
23.Bc1 Rc2 24.Ba3 Qb8 25.Bxf8 Kxf8 26.Qa3+ Kg8 27.Rc1 Rxc1+ 28.Qxc1 h3 29.e3 Bd3
30.Qd1 Bc4 31.Be2 Bxe2 32.Qxe2 a5 33.Qa6 Qc7 34.Qa8+ Kh7 35.Qxa5 Qc2 36.Qd2 Qe4
37.f4 Qb1+ 38.Nc1 Ne4 39.Qe1 Qc2 40.Ne2 Nc3 41.g4 Nxe2+ 42.Kf1 Nxf4 43.Qh4+ Kg6
44.exf4 Qd1+ 45.Qe1 Qxd4 46.Qe5 Qd1+ 47.Kf2 Qd2+ 48.Kg3 Qg2+ 49.Kh4 Kh7 50.f5 Qxa2
51.fxe6 Qf2+ 52.Kxh3 Qf3+ 53.Kh4 Qf2+  1/2-1/2

[Event "Stare Mesto FIDE Open"]
[Site "Stare Mesto CZE"]
[Date "2011.08.17"]
[Round "7"]
[White "Buran,J"]
[Black "Talla,V"]
[Result "1-0"]
[WhiteElo "2238"]
[BlackElo "2427"]

1.d4 Nf6 2.Bg5 Ne4 3.Bf4 d6 4.Nd2 Nf6 5.c3 g6 6.Ngf3 Bg7 7.h3 O-O 8.e4 Nfd7
9.Bg5 Qe8 10.Be2 e5 11.dxe5 dxe5 12.O-O Nc5 13.Re1 Ne6 14.Be3 Nd7 15.Nb3 Kh8
16.Bb5 Qe7 17.Qd2 f5 18.exf5 gxf5 19.Bg5 Nxg5 20.Qxg5 Qxg5 21.Nxg5 Nb6 22.Nc5 Bf6
23.Nce6 Bxe6 24.Nxe6 Rf7 25.f4 Re7 26.Nc5 c6 27.Bf1 e4 28.g4 Rg8 29.g5 Bg7
30.Kh2 Rge8 31.Kg3 Nd5 32.Be2 b6 33.Nb3 Rd8 34.Rad1 Red7 35.Bh5 Kg8 36.Nd4 Bxd4
37.Rxd4 c5 38.Rdd1 Kg7 39.h4 Kf8 40.Be2 Ne3 41.Rxd7  1-0

[Event "Botvinnik 100th Open"]
[Site "St Petersburg RUS"]
[Date "2011.08.18"]
[Round "7"]
[White "Yemelin,V"]
[Black "Dvoirys,S"]
[Result "1/2-1/2"]
[WhiteElo "2592"]
[BlackElo "2554"]

1.d4 Nf6 2.Bg5 Ne4 3.Bf4 c5 4.f3 Nf6 5.dxc5 Na6 6.e4 Nxc5 7.Qd2 d6 8.Nc3 Bd7
9.O-O-O Rc8 10.Kb1 h6 11.Nge2 e5 12.Be3 Be7 13.Ng3 a6 14.Nf5 Bxf5 15.exf5 Qd7
16.g4 Na4 17.Nd5 Nxd5 18.Qxd5 Qc7 19.Qe4 b5 20.Rd5 Bg5 21.f4 Bf6 22.Bd3 Qe7
23.g5 hxg5 24.fxg5 Bxg5 25.Bxg5 Qxg5 26.Rxd6 O-O 27.Qxe5 Nc5 28.Qg3 Qxg3
29.hxg3 Rfd8 30.Rxd8+ Rxd8 31.Rd1 Ne4 32.Rg1 Nc5 33.Rd1 Ne4 34.Rg1 Nc5 35.Be2 Re8
36.Rg2 Re3 37.a3 Kf8 38.g4 Ke7 39.b4 Na4 40.Bd3 Kf6 41.Kc1 Kg5 42.Re2 Rg3
43.Re7 Kxg4 44.Rxf7 Kf4 45.f6 gxf6 46.Rxf6+ Ke3 47.Re6+ Kd4 48.Rd6+ Kc3 49.Rc6+ Kd4
50.Rxa6 Rg1+ 51.Kd2 Rg2+ 52.Be2 Nb2 53.c3+ Ke4 54.Ra8 Nc4+ 55.Kd1 Nb2+ 56.Kd2 Nc4+
57.Kd1 Nb2+ 58.Kc1 Nd3+ 59.Kd2 Nf4 60.Re8+ Kd5 61.Rd8+ Ke5 62.Re8+ Kd5 63.Ke1 Nxe2
64.Rxe2 Rg1+ 65.Kd2 Ra1 66.Re3 Ra2+ 67.Kd3 Rxa3 68.Rh3 Kc6 69.Rh6+ Kc7 70.Kd4 Kb7
71.Rh3 Kc6 72.Rg3 Rb3 73.Rf3 Ra3 74.Ke5 Rb3 75.Rf6+ Kc7 76.Kd4 Ra3 77.Re6 Kb7
78.Re3 Kc6 79.Re6+ Kb7 80.Re5 Kb6 81.Rc5 Ra1 82.Ke5 Rh1 83.Rc8  1/2-1/2

[Event "Botvinnik 100th Open"]
[Site "St Petersburg RUS"]
[Date "2011.08.18"]
[Round "7"]
[White "Sichinava,Z"]
[Black "Martynov,P2"]
[Result "1-0"]
[WhiteElo "2364"]
[BlackElo "2237"]

1.d4 Nf6 2.Bg5 Ne4 3.Bf4 c5 4.f3 Qa5+ 5.c3 Nf6 6.d5 d6 7.e4 g6 8.Nd2 Bg7
9.Nc4 Qd8 10.a4 O-O 11.Bd3 Nbd7 12.Ne2 Nh5 13.Bg5 h6 14.Bh4 Ne5 15.Nxe5 Bxe5
16.Qd2 Bg7 17.g4 Nf6 18.g5 hxg5 19.Bxg5 e6 20.h4 exd5 21.exd5 c4 22.Bc2 Qe7
23.O-O-O Re8 24.Ng3 Qe5 25.Bf4 Qe7 26.h5 Nxh5 27.Nxh5 gxh5 28.Rdg1 f5 29.Bh6  1-0

[Event "Botvinnik 100th Open"]
[Site "St Petersburg RUS"]
[Date "2011.08.18"]
[Round "7"]
[White "Pankov,Ger"]
[Black "Korchmar,V"]
[Result "1-0"]
[WhiteElo "2387"]
[BlackElo "2262"]

1.d4 Nf6 2.Bg5 Ne4 3.Bf4 d5 4.e3 c5 5.Bd3 Nf6 6.c3 Nc6 7.h3 e6 8.Nd2 Bd6
9.Bxd6 Qxd6 10.f4 O-O 11.g4 cxd4 12.cxd4 Nb4 13.Bb1 Qa6 14.g5 Ne4 15.Nxe4 dxe4
16.Bxe4 Bd7 17.a3 Nd5 18.Kf2 Bc6 19.Qe2 Qb6 20.Nf3 Rac8 21.Rhc1 Rc7 22.Rc5 Rfc8
23.Rac1 Ne7 24.Bxc6 Rxc6 25.b4 Rxc5 26.Rxc5 Rxc5 27.dxc5 Qc6 28.Qd3 Ng6 29.h4 h5
30.gxh6 gxh6 31.h5 Nf8 32.Qd4 Qa4 33.Qf6 Qc2+ 34.Kg3 Qd3 35.Qxf7+ Kxf7 36.Ne5+ Kf6
37.Nxd3 Nd7 38.e4 Nb8 39.b5 a6 40.a4  1-0

[Event "Manhattan Open"]
[Site "New York USA"]
[Date "2011.08.19"]
[Round "5"]
[White "Quan Zhe"]
[Black "Korley,K"]
[Result "1/2-1/2"]
[WhiteElo "2412"]
[BlackElo "2326"]

1.d4 Nf6 2.Bg5 Ne4 3.h4 h6 4.Bf4 d5 5.e3 c6 6.Bd3 Nd7 7.Bxe4 dxe4 8.Nd2 Nf6
9.Ne2 Bg4 10.Be5 Nd7 11.Bg3 f5 12.c3 Qb6 13.f3 exf3 14.gxf3 Bh5 15.Qc2 e6
16.e4 fxe4 17.Qxe4 Bf7 18.O-O-O Nf6 19.Qe5 Rd8 20.Rhg1 Qa6 21.Nf4 Bd6 22.Qe3 Qxa2
23.Rde1 O-O 24.Nd3 Nd5 25.Qe4 Nf6 26.Qe3 Nd5 27.Qe4 Nf6  1/2-1/2

[Event "Botvinnik 100th Open"]
[Site "St Petersburg RUS"]
[Date "2011.08.19"]
[Round "8"]
[White "Vlasenko,M"]
[Black "Kabanov,N"]
[Result "1/2-1/2"]
[WhiteElo "2371"]
[BlackElo "2520"]

1.d4 Nf6 2.Bg5 Ne4 3.Bf4 d6 4.Nd2 Nxd2 5.Qxd2 Nd7 6.Nf3 c5 7.e4 cxd4 8.Nxd4 a6
9.f3 Qc7 10.Nf5 Ne5 11.Ne3 e6 12.Be2 Be7 13.O-O O-O 14.Bg3 b5 15.b3 Bb7 16.Rac1 Bc6
17.c4 Qb7 18.f4 Ng6 19.f5 Ne5 20.f6 gxf6 21.Bh4 Bxe4 22.Bxf6 Bxf6 23.Rxf6 Qb6
24.Kh1 Rac8 25.Rcf1 Bg6 26.Ng4 Nxg4 27.Bxg4 bxc4 28.Qh6 Qd8 29.Bxe6 fxe6
30.Rxg6+ hxg6 31.Qxg6+ Kh8 32.Qh6+ Kg8 33.Qg6+ Kh8 34.Qh6+ Kg8 35.Qg6+  1/2-1/2

[Event "13th Sants Open"]
[Site "Barcelona ESP"]
[Date "2011.08.20"]
[Round "2"]
[White "Travesset Ribera,J"]
[Black "Anton Guijarro,D"]
[Result "1/2-1/2"]
[WhiteElo "2235"]
[BlackElo "2473"]

1.d4 Nf6 2.Bg5 Ne4 3.Bf4 e6 4.Nd2 d5 5.e3 Bd6 6.Bxd6 Qxd6 7.Bd3 Nxd2 8.Qxd2 O-O
9.f4 c5 10.c3 b6 11.Nf3 a5 12.a4 Ba6 13.O-O Bxd3 14.Qxd3 c4 15.Qc2 Nd7 16.Ne5 Nf6
17.f5 Rae8 18.fxe6 Rxe6 19.Rf4 Rxe5 20.dxe5 Qxe5 21.Qd2 Re8 22.Re1 Ne4 23.Qd4 Nc5
24.Qxe5 Rxe5 25.Rd4 g6 26.Re2 f5 27.Red2 Nxa4 28.b3 Nxc3 29.bxc4 Re4 30.Rxe4 fxe4
31.cxd5 Kf7 32.d6 Ke8 33.Rc2 Nd5 34.Rd2 Nxe3 35.Kf2 Nc4 36.Rd4 b5 37.d7+ Kd8
38.Rd5 Na3 39.Ke3 b4 40.Kd4 e3 41.Kc5 e2 42.Re5 Kxd7 43.Rxe2 h6 44.h3 h5
45.g4 hxg4 46.hxg4 g5 47.Re3 Nc2 48.Rd3+ Ke6 49.Kb5 b3 50.Ka4 b2 51.Rb3 Ke5
52.Rxb2 Ne3  1/2-1/2

[Event "ch-FRA National B"]
[Site "Caen FRA"]
[Date "2011.08.20"]
[Round "6"]
[White "Wirig,A"]
[Black "Apicella,M"]
[Result "1-0"]
[WhiteElo "2510"]
[BlackElo "2540"]

1.d4 Nf6 2.Bg5 Ne4 3.Bf4 d5 4.e3 c5 5.Bd3 Nf6 6.c3 Qb6 7.Qc1 e6 8.Nf3 Nc6
9.Nbd2 Bd7 10.O-O Rc8 11.Qb1 Be7 12.a4 c4 13.Bc2 Nh5 14.Ne5 Nxe5 15.Bxe5 f6
16.a5 Qa6 17.Bd1 fxe5 18.Bxh5+ g6 19.Bg4 Bf6 20.dxe5 Bxe5 21.e4 Rc5 22.exd5 Rxd5
23.Nf3 O-O 24.Rd1 Qd6 25.Rxd5 exd5 26.Nxe5 Qxe5 27.Bxd7 Rf7 28.Bg4 Rf4 29.Bf3  1-0

[Event "Botvinnik 100th Open"]
[Site "St Petersburg RUS"]
[Date "2011.08.20"]
[Round "9"]
[White "Sichinava,Z"]
[Black "Epishin,V"]
[Result "0-1"]
[WhiteElo "2364"]
[BlackElo "2553"]

1.d4 Nf6 2.Bg5 Ne4 3.Bh4 d5 4.f3 Nd6 5.Nc3 c6 6.e4 Qb6 7.Rb1 e6 8.Qd2 a5
9.Nh3 Na6 10.Nf4 Nc7 11.a4 Bd7 12.g4 f6 13.Bf2 Nf7 14.Nd3 Bb4 15.b3 O-O 16.Nxb4 Qxb4
17.Be2 e5 18.Rd1 Rad8 19.O-O Ng5 20.exd5 Nh3+ 21.Kh1 Nxf2+ 22.Rxf2 cxd5 23.dxe5 Qc5
24.Kg2 fxe5 25.Nxd5 Bc6 26.c4 Ne6 27.Kg3 e4 28.Rff1 Bxd5 29.cxd5 e3 30.Qb2 Nf4
31.d6 Rxd6 32.b4 axb4 33.Qa2+ Kh8 34.Qc4 Qe5 35.Rxd6 Nxe2+  0-1

[Event "10th Lichtenberger Sommer"]
[Site "Berlin GER"]
[Date "2011.08.21"]
[Round "9.15"]
[White "Schulz,M1"]
[Black "Cremer,Ja"]
[Result "1-0"]
[WhiteElo "2233"]
[BlackElo "2033"]

1.d4 Nf6 2.Bg5 Ne4 3.Bf4 c5 4.f3 Qa5+ 5.c3 Nf6 6.d5 Qb6 7.b3 e6 8.e4 exd5
9.exd5 Bd6 10.Bxd6 Qxd6 11.Bc4 O-O 12.Ne2 b6 13.O-O Na6 14.Nd2 Nc7 15.Ne4 Nxe4
16.fxe4 b5 17.Bd3 Qe5 18.Rf5 Qe7 19.Qd2 d6 20.Rg5 f6 21.Rg3 f5 22.e5 Qxe5
23.Nf4 Re8 24.Rf1 Bd7 25.Nh5 Re7 26.c4 Rf8 27.Nf4 Qd4+ 28.Kh1 Rfe8 29.h3 Re3
30.Ne6 R3xe6 31.dxe6 Bxe6 32.Qa5 f4 33.Rgf3 bxc4 34.bxc4 Na8 35.Re1 Nb6 36.Qxa7 Nxc4
37.Qa4 Rc8 38.Rxe6  1-0

[Event "Trade Fair Open A"]
[Site "Brno CZE"]
[Date "2011.08.22"]
[Round "3"]
[White "Glacner,K"]
[Black "Kalod,M"]
[Result "0-1"]
[WhiteElo "1729"]
[BlackElo "1823"]

1.d4 Nf6 2.Bg5 Ne4 3.Bf4 c5 4.f3 Nf6 5.d5 Qb6 6.Be5 d6 7.Bc3 e6 8.e4 Be7
9.Bc4 O-O 10.Ne2 exd5 11.exd5 Nbd7 12.Nd2 Ne5 13.Bb3 Nfd7 14.Nc4 Bh4+ 15.Ng3 Nxc4
16.Bxc4 Re8+ 17.Kf2 Ne5 18.b3 Bf5 19.Qd2 Nxc4 20.bxc4 Bg6 21.Qf4 Qd8 22.Rae1 Rxe1
23.Rxe1 Bxc2 24.Qe3 Bg6 25.Kg1 h6 26.Re2 Qb6 27.Nf1 Rf8 28.g3 Bg5 29.f4 Bd8
30.Rb2 Qc7 31.Qf3 Qd7 32.g4 f5 33.gxf5 Bxf5 34.Rg2 Bf6 35.Bxf6 Rxf6 36.Ng3 Bh3
37.Nh5 Bxg2 38.Nxf6+ Kf7 39.Kxg2 Kxf6 40.Qc3+ Kf7 41.Qh3 Qxh3+ 42.Kxh3 b5
43.Kg3 bxc4 44.Kf3 Kf6 45.Ke4 c3 46.Kd3 Kf5 47.Kxc3 Kxf4 48.a4 g5 49.Kc4 a6
50.Kd3 Kf3 51.Kc4 g4 52.Kd3 h5 53.a5 h4  0-1

[Event "XVI Seahorse Open A"]
[Site "Rewal POL"]
[Date "2011.08.22"]
[Round "3"]
[White "Sielicki,T"]
[Black "Rychlik,H"]
[Result "1-0"]
[WhiteElo "2022"]
[BlackElo "2081"]

1.d4 Nf6 2.Bg5 Ne4 3.h4 d5 4.Nd2 Nxd2 5.Qxd2 h6 6.Bf4 Bf5 7.e3 e6 8.Nf3 Be7
9.Be2 Nd7 10.Ne5 Nxe5 11.Bxe5 O-O 12.g4 Be4 13.Rh2 Bxh4 14.O-O-O Bf6 15.Bf4 Bg5
16.Bxg5 Qxg5 17.f3 Bg6 18.Rg1 e5 19.f4 exf4 20.exf4 Qe7 21.g5 hxg5 22.Rxg5 Be4
23.Qe3 Qe6 24.Qg3 g6 25.Rgh5 Qf6 26.Rh7 Bf5 27.Qg5 Qxd4 28.Qh6 Qe3+ 29.Kd1 Bxc2+
30.Kxc2 Qc5+ 31.Kd2 Qb4+ 32.Kc1 Qc5+ 33.Kd1 Qg1+ 34.Kd2 Qd4+ 35.Bd3 Qb4+
36.Kd1  1-0

[Event "23rd Porto San Giorgio Open"]
[Site "Porto San Giorgio ITA"]
[Date "2011.08.23"]
[Round "3"]
[White "Stips,F"]
[Black "Korneev,O"]
[Result "0-1"]
[WhiteElo "2213"]
[BlackElo "2588"]

1.d4 Nf6 2.Bg5 Ne4 3.Bf4 c5 4.f3 Qa5+ 5.c3 Nf6 6.d5 e6 7.e4 exd5 8.exd5 d6
9.Na3 Be7 10.Nc4 Qd8 11.a4 O-O 12.Ne2 Re8 13.Kf2 Na6 14.Bc1 Nc7 15.Ne3 Bf8
16.c4 Na6 17.Nc3 Nb4 18.Bd3 Nh5 19.g3 g6 20.Re1 Bh3 21.Bf1 Qd7 22.Ne4 Bxf1
23.Kxf1 Bg7 24.Kg2 Re7 25.Nf2 Rae8 26.Nd3 Nxd3 27.Qxd3 f5 28.f4 Re4 29.Kf1 Qe7
30.Qd2 Nxf4 31.gxf4 Rxf4+  0-1

[Event "Bent Larsen ITT"]
[Site "Buenos Aires ARG"]
[Date "2011.08.24"]
[Round "1"]
[White "Saldano Dayer,H"]
[Black "Sapienza,J"]
[Result "1-0"]
[WhiteElo "2428"]
[BlackElo "2219"]

1.d4 Nf6 2.Bg5 Ne4 3.Bf4 e6 4.e3 Bd6 5.Bxd6 Nxd6 6.c4 c5 7.dxc5 Qa5+ 8.Nc3 Ne4
9.Ne2 Na6 10.a3 Nxc3 11.Nxc3 Qxc5 12.Ne4 Qe5 13.Qd4 Qxd4 14.exd4 Ke7 15.c5 b6
16.Bxa6 Bxa6 17.Nd6 bxc5 18.dxc5 Rhb8 19.b4 Bb5 20.a4 Bc6 21.b5 Bd5 22.Kd2 a6
23.f3 axb5 24.axb5 f5 25.Kc3 g5 26.Kd4 Ba2 27.Rhc1 Ra4+ 28.Rc4 e5+ 29.Kc3 Ra3+
30.Kd2 Bxc4 31.Rxa3 Rxb5 32.Nxc4 Rxc5 33.Kd3 h5 34.Ra6 d6 35.Ra7+ Ke6 36.Rh7 g4
37.Rh6+ Ke7 38.Ne3 gxf3 39.Nxf5+ Kf8 40.gxf3 d5 41.Rxh5 e4+ 42.fxe4 dxe4+
43.Kxe4 Rc1 44.Rh7 Kg8 45.Ra7 Rh1 46.h4 Kh8 47.Kf4 Rg1 48.h5 Rg2 49.Nh4 Rh2
50.Kg5 Kg8 51.h6  1-0

[Event "3rd Senica Open"]
[Site "Senica SVK"]
[Date "2011.08.24"]
[Round "5.17"]
[White "Helsen,S"]
[Black "Kerdik,A"]
[Result "1-0"]
[WhiteElo "2076"]
[BlackElo "1847"]

1.d4 Nf6 2.Bg5 Ne4 3.Bf4 e6 4.Nd2 d5 5.e3 Bd6 6.Ngf3 b6 7.Bd3 Bb7 8.O-O O-O
9.c3 c5 10.Qc2 f5 11.Bxd6 Qxd6 12.Ne5 Nd7 13.Nxd7 Qxd7 14.Nf3 Nf6 15.h3 Rac8
16.a4 Rc7 17.a5 c4 18.Be2 b5 19.Ne5 Qd6 20.f4 Nd7 21.g4 g6 22.Kh2 Nxe5 23.fxe5 Qe7
24.Rf4 Bc8 25.Rg1 Rf7 26.gxf5 Rxf5 27.Rxf5 exf5 28.b4 Be6 29.Bf3 Qh4 30.Qg2 Rd7
31.Rf1 a6 32.Rf2 Kh8 33.Bd1 Kg8 34.Bc2 Rf7 35.Qf1 Kh8 36.Rf4 Qh6 37.Rf3 Kg8
38.Qg2 Qh4 39.Rf2 Kf8 40.Bd1 Kg8 41.Bf3 Kf8 42.Qf1 Kg8 43.Bg2 Kf8 44.Rf4 Qh6
45.Qf2 Kg8 46.Kg1 Qg7 47.Kf1 Qh6 48.Ke2 Qg7 49.h4 Qh6 50.Qg3 Kf8 51.Bf3 Ke8
52.Bg2 Kd7 53.Rf2 Ke8 54.Bf3 Kd7 55.Rg2 Rg7 56.Kf2 Ke8 57.Qf4 Qxf4 58.exf4 Kf7
59.h5 Kg8 60.Kg3 gxh5+ 61.Kh4 Rxg2 62.Bxg2 Kg7 63.Bf3 h6 64.Bxh5 Bf7 65.Bxf7 Kxf7
66.Kh5 Kg7 67.e6  1-0

[Event "Bent Larsen ITT"]
[Site "Buenos Aires ARG"]
[Date "2011.08.25"]
[Round "3"]
[White "Altamirano,B"]
[Black "Vargas Maliqueo,I"]
[Result "0-1"]
[WhiteElo "2240"]
[BlackElo "2198"]

1.d4 Nf6 2.Bg5 Ne4 3.Bf4 d5 4.e3 e6 5.Bd3 Bd6 6.Bxd6 Qxd6 7.c3 e5 8.dxe5 Qxe5
9.Nf3 Qe7 10.Nbd2 O-O 11.O-O Nd7 12.Be2 Ndf6 13.Qb3 c5 14.Nxe4 dxe4 15.Nd2 Rd8
16.Rad1 Bg4 17.Bxg4 Nxg4 18.h3 Nf6 19.Qc4 Rab8 20.a4 b6 21.Nb3 Rd6 22.a5 Rbd8
23.Rxd6 Qxd6 24.axb6 axb6 25.Ra1 g5 26.Ra7  0-1

[Event "XVI Seahorse Open A"]
[Site "Rewal POL"]
[Date "2011.08.26"]
[Round "7"]
[White "Sielicki,T"]
[Black "Falkowski,D"]
[Result "1-0"]
[WhiteElo "2022"]
[BlackElo "2059"]

1.d4 Nf6 2.Bg5 Ne4 3.h4 c5 4.d5 Qb6 5.Nd2 Nxg5 6.hxg5 g6 7.e4 Bg7 8.Rh3 d6
9.Rb3 Qc7 10.Bb5+ Nd7 11.f4 O-O 12.Qe2 c4 13.Bxc4 Nc5 14.Rg3 Bxb2 15.Rb1 Bg7
16.Bb3 e5 17.dxe6 Nxe6 18.Qf3 d5 19.Ne2 dxe4 20.Nxe4 Re8 21.Kf1 Bd7 22.f5 Nd4
23.Nxd4 Rxe4 24.Qxe4 Qxg3 25.fxg6 hxg6 26.Qxb7 Rd8 27.Nf3 Bh3 28.gxh3 Qxh3+
29.Kg1 Rd7 30.Qe4 Qg3+ 31.Kh1 Qh3+ 32.Kg1 Qg3+ 33.Kh1 Qh3+ 34.Nh2 Rd2 35.Bxf7+  1-0

[Event "11th Metropolitan Invitational"]
[Site "Los Angeles USA"]
[Date "2011.08.27"]
[Round "8"]
[White "Siddharth,R"]
[Black "Ginsburg,M"]
[Result "1/2-1/2"]
[WhiteElo "2387"]
[BlackElo "2387"]

1.d4 Nf6 2.Bg5 Ne4 3.Bf4 Nc6 4.Nf3 e6 5.h3 d5 6.e3 Bd6 7.Bxd6 cxd6 8.c4 Qa5+
9.Nbd2 Nxd2 10.Qxd2 dxc4 11.Bxc4 Qxd2+ 12.Kxd2 Ke7 13.Rac1 Bd7 14.Rc3 Rac8
15.Rhc1 Na5 16.Be2 Rxc3 17.Rxc3 Rc8 18.b4 Rxc3 19.Kxc3 Nc6 20.Nd2 d5 21.Nb3 b6
22.a3 Nd8 23.Bd3  1/2-1/2

[Event "Trade Fair Open A"]
[Site "Brno CZE"]
[Date "2011.08.28"]
[Round "9"]
[White "Kireev,Al"]
[Black "Kredl,K"]
[Result "1/2-1/2"]
[WhiteElo "2360"]
[BlackElo "2108"]

1.d4 Nf6 2.Bg5 Ne4 3.Be3 d5 4.Nd2 Nf6 5.Bg5 e6 6.e3 Be7 7.Bd3 Nbd7 8.f4 c5
9.c3 b6 10.Ngf3 Bb7 11.O-O O-O 12.Ne5 Ne4 13.Bxe7 Qxe7 14.Nxd7 Qxd7 15.Rf3 Nxd2
16.Qxd2 f5 17.g4 g6 18.Qg2 cxd4 19.exd4 fxg4 20.Qxg4 Rf6 21.Re1 Raf8 22.h4 Qf7
23.h5 Rxf4 24.Rxf4 Qxf4 25.Qxf4 Rxf4 26.hxg6 hxg6 27.Rxe6 Rg4+ 28.Kf2 Kf7
29.Rd6 Ke7 30.Rxg6 Rxg6 31.Bxg6 Kf6 32.Bh5 Bc8 33.Kf3 Be6 34.Kf4 Bg8 35.a3 Be6
36.Be8 Bg8 37.Bc6 Be6 38.Bb5 Bf7 39.Bd3 Be6 40.b3 Bf7 41.Ba6 Be6 42.a4 Bf7
43.a5 Be6 44.c4 dxc4 45.bxc4 Bf7 46.Ke4 Ke6 47.Kd3 Kd6 48.Kc3 Be8 49.Kb4 Bd7
50.Bb5 Bg4 51.Be8 Ke7 52.Bc6 Kd6 53.Kb5 Bc8 54.axb6 a6+  1/2-1/2

[Event "Circuito CBX IM"]
[Site "Natal BRA"]
[Date "2011.08.28"]
[Round "5"]
[White "Stamenkovic,Dr"]
[Black "Barreto Filho,C"]
[Result "1/2-1/2"]
[WhiteElo "2383"]
[BlackElo "2314"]

1.d4 Nf6 2.Bg5 Ne4 3.Bf4 c5 4.f3 Qa5+ 5.c3 Nf6 6.d5 Qb6 7.Bc1 e6 8.e4 exd5
9.exd5 d6 10.c4 Be7 11.Bd3 O-O 12.Nc3 Qd8 13.Nge2 Na6 14.O-O Nc7 15.Ng3 Rb8
16.a4 b6 17.Nf5 Bxf5 18.Bxf5 Nfe8 19.Re1 g6 20.Bd3 f5 21.Bh6 Ng7 22.Qd2 Bf6
23.Re2 Re8 24.Rae1 Rxe2 25.Rxe2 Qd7 26.Kf1 Re8 27.b3 Rxe2 28.Nxe2 a5 29.Qe3 Qe8
30.Kf2 Qxe3+ 31.Kxe3 Kf7  1/2-1/2

[Event "3rd Senica Open"]
[Site "Senica SVK"]
[Date "2011.08.28"]
[Round "9.6"]
[White "Helsen,S"]
[Black "Jasny,S"]
[Result "0-1"]
[WhiteElo "2076"]
[BlackElo "2366"]

1.d4 Nf6 2.Bg5 Ne4 3.Bf4 d5 4.e3 e6 5.Bd3 Be7 6.Nd2 Nf6 7.Ngf3 O-O 8.e4 dxe4
9.Nxe4 Nbd7 10.O-O Nxe4 11.Bxe4 Nf6 12.Bd3 b6 13.Qe2 Bb7 14.Rad1 Rc8 15.Rfe1 Qd5
16.Be5 Rfd8 17.c4 Qa5 18.a3 Qa4 19.d5 exd5 20.Bf5 Ra8 21.Bc3 Re8 22.b3 Qc6
23.Ne5 Qd6 24.Rd4 c5 25.Rh4 g6 26.Qf3 d4 27.Qxb7 dxc3 28.Rh3 Qd2 29.Rhe3 gxf5
30.Qf3 c2 31.Qxf5 h6 32.Qf4 c1=Q 33.Rg3+ Kf8  0-1

[Event "10th Sunny Beach Open"]
[Site "Sunny Beach BUL"]
[Date "2011.08.29"]
[Round "3.54"]
[White "Shentov,Petar-Delian"]
[Black "Chalus,K"]
[Result "1-0"]
[WhiteElo "1708"]
[BlackElo "2118"]

1.d4 Nf6 2.Bg5 Ne4 3.Bf4 c5 4.d5 Qb6 5.Qc1 Qb4+ 6.c3 Qb6 7.f3 Nf6 8.e4 d6
9.Be3 e6 10.c4 exd5 11.cxd5 g6 12.Nc3 Bg7 13.Bd3 O-O 14.Qd2 Re8 15.Nge2 Nbd7
16.Rb1 Qc7 17.Nb5 Qb8 18.Nbc3 Ne5 19.O-O a6 20.b4 Qc7 21.bxc5 dxc5 22.a4 Nfd7
23.Kh1 Nxd3 24.Qxd3 Ne5 25.Qc2 Nc4 26.Bf4 Qe7 27.Qd3 Na3 28.Ra1 c4 29.Qd2 Qb4
30.Qc1 Bf8 31.d6 Bxd6 32.Bxd6 Qxd6 33.Rd1 Qc6 34.Qxa3 Be6 35.Nd4 Qc7 36.Nxe6 Rxe6
37.Nd5 Qe5 38.Rac1 Rc8 39.Qb4 f5 40.Qxb7 Rcc6 41.Re1 Kh8 42.Qb4 Kg8 43.Qc3 Qd6
44.Rcd1 Qc5 45.h3 fxe4 46.fxe4 Qf2 47.Rf1 Qh4 48.Rf4 Qg5 49.Rdf1 Rc8 50.Nf6+ Kg7
51.Nh5+  1-0

[Event "Richard Reti Mem"]
[Site "Trnava SVK"]
[Date "2011.08.30"]
[Round "2.2"]
[White "Kireev,Al"]
[Black "Jurcik,Mari"]
[Result "0-1"]
[WhiteElo "2360"]
[BlackElo "2481"]

1.d4 Nf6 2.Bg5 Ne4 3.Be3 d5 4.Nd2 Bf5 5.c3 e6 6.Ngf3 Nd7 7.g3 Be7 8.Bg2 O-O
9.O-O b5 10.Ne5 Nxe5 11.dxe5 Nxd2 12.Qxd2 c5 13.f4 Qc7 14.Bf2 Rab8 15.Rfc1 a5
16.a4 c4 17.e4 dxe4 18.Qe2 Qc6 19.Re1 bxa4 20.Bxe4 Bxe4 21.Qxe4 Qb5 22.Qc2 a3
23.bxa3 Qb3 24.Qa2 a4 25.Re4 Rfc8  0-1

[Event "3rd Julio Bolbochan Mem"]
[Site "Banfield ARG"]
[Date "2011.09.02"]
[Round "5.5"]
[White "Meza,Hu"]
[Black "Mela,B"]
[Result "0-1"]
[WhiteElo "2288"]
[BlackElo "2323"]

1.d4 Nf6 2.Bg5 Ne4 3.Bf4 c5 4.f3 Qa5+ 5.c3 Nf6 6.Nd2 cxd4 7.Nb3 Qf5 8.Bxb8 Rxb8
9.Qxd4 b6 10.e4 Qf4 11.Nh3 Qc7 12.e5 Ng8 13.O-O-O e6 14.Ng5 Ne7 15.Bb5 Ng6
16.Ne4 Nxe5 17.Rhe1 a6 18.f4 Ng6 19.f5 axb5 20.fxg6 hxg6 21.h3 Ra8 22.Kb1 Bb7
23.Ng5 Ra4 24.Qd3 Be7 25.Nxf7 Kxf7 26.Qxb5 Be4+ 27.Ka1 Rxa2+ 28.Kxa2 Ra8+
29.Na5 Rxa5+ 30.Qxa5 bxa5 31.Rxe4 d5  0-1

[Event "TCh-POL 1st League"]
[Site "Mrzezyno POL"]
[Date "2011.09.03"]
[Round "1"]
[White "Betkowski,A"]
[Black "Borgula,R"]
[Result "0-1"]
[WhiteElo "2185"]
[BlackElo "2314"]

1.d4 Nf6 2.Bg5 Ne4 3.Bf4 d5 4.f3 Nf6 5.e4 e6 6.e5 Nfd7 7.Be3 c5 8.c3 Nc6
9.f4 Be7 10.Nf3 O-O 11.Bd3 cxd4 12.cxd4 Nb4 13.Be2 Nb6 14.a3 Nc6 15.Nbd2 Bd7
16.O-O Na5 17.b3 Rc8 18.Nb1 Na8 19.Bd3 Qb6 20.Nfd2 Bb5 21.Qe2 Bxd3 22.Qxd3 Qa6
23.Qxa6 bxa6 24.b4 Nc4 25.Nxc4 Rxc4 26.Rc1 Rfc8 27.Rxc4 Rxc4 28.Nd2 Rc3 29.Kf2 Nc7
30.Nf3 Nb5 31.Bc1 Rc2+ 32.Kf1 Kf8 33.Be3 Ke8 34.Bc1 Kd7 35.Be3 h6 36.Bc1 Rc4
37.Be3 Rc3 38.Bc1 Rb3 39.Ke2 Bd8 40.Kd2 Bb6 41.Kc2 Rc3+ 42.Kd2 Rc4 43.Bb2 Nxd4
44.Bxd4 Bxd4 45.Nxd4 Rxd4+ 46.Ke3 Rc4 47.g3 Rc2 48.h3 Rc3+ 49.Kf2 Kc6 50.Kg2 d4
51.a4 Kd5 52.b5 d3 53.Kf2 Kd4 54.Rd1 a5 55.Rb1 d2  0-1

[Event "10th Sunny Beach Open"]
[Site "Sunny Beach BUL"]
[Date "2011.09.03"]
[Round "8.17"]
[White "Andreev,Sa"]
[Black "Koepke,C"]
[Result "0-1"]
[WhiteElo "2255"]
[BlackElo "2410"]

1.d4 Nf6 2.Bg5 Ne4 3.Bf4 c5 4.f3 Nf6 5.d5 Nh5 6.Be3 d6 7.Bf2 g6 8.e4 Bg7
9.c3 O-O 10.Nd2 Nd7 11.g3 Rb8 12.a4 b6 13.Be2 Nhf6 14.Kf1 e6 15.c4 a6 16.f4 exd5
17.exd5 Re8 18.Qc2 b5 19.Ra2 bxc4 20.Bxc4 Nb6  0-1